[Event "POL-ch U20"]
[Site "Chotowa"]
[Date "2023.10.26"]
[Round "4"]
[White "Karut, Kacper"]
[Black "Stepinski, Piotr"]
[Result "1-0"]
[WhiteElo "2093"]
[BlackElo "1991"]
[PlyCount "67"]
[EventDate "2023.10.24"]
[EventType "swiss"]
[EventRounds "9"]
[EventCountry "POL"]
[SourceTitle "Mega2024 Update 01"]
[Source "Chessbase"]
[SourceDate "2023.11.12"]
[SourceVersion "1"]
[SourceVersionDate "2023.11.12"]
[SourceQuality "1"]

1. e4 c6 2. d4 d5 3. e5 c5 4. dxc5 e6 5. Bd3 Nd7 6. Nf3 Nxc5 7. Be2 Ne7 8. 0-0 Nc6 9. a3 Nd7 10. Bf4 Qc7 11. Re1 Be7 12. b4 a5 13. b5 Ncxe5 14. Nxe5 Nxe5 15. Qd4 f6 16. b6 Qc5 17. Qb2 0-0 18. Nd2 Bd7 19. Be3 Qd6 20. c4 Bc6 21. Red1 Rfc8 22. Nb3 Qb8 23. c5 Ba4 24. Rac1 Bxb3 25. Qxb3 Nc6 26. Qa4 Qe5 27. Bb5 Qh5 28. Bf4 Bd8 29. Bxc6 Rxc6 30. Qxc6 bxc6 31. b7 Rb8 32. Bxb8 Bb6 33. cxb6 Qf7 34. Bc7 1-0

[Event "POL-ch U20"]
[Site "Chotowa"]
[Date "2023.10.25"]
[Round "2"]
[White "Zieba, Hubert"]
[Black "Karut, Kacper"]
[Result "1-0"]
[WhiteElo "1805"]
[BlackElo "2093"]
[PlyCount "137"]
[EventDate "2023.10.24"]
[EventType "swiss"]
[EventRounds "9"]
[EventCountry "POL"]
[SourceTitle "Mega2024 Update 01"]
[Source "Chessbase"]
[SourceDate "2023.11.12"]
[SourceVersion "1"]
[SourceVersionDate "2023.11.12"]
[SourceQuality "1"]

1. Nf3 Nf6 2. c4 g6 3. g3 Bg7 4. Bg2 0-0 5. 0-0 c6 6. d4 d5 7. Nbd2 a5 8. Ne5 Ng4 9. Nxg4 Bxg4 10. cxd5 cxd5 11. h3 Bf5 12. g4 Be6 13. Nf3 Nc6 14. Be3 Qd7 15. Ng5 Rfd8 16. Qd2 a4 17. b3 Qd6 18. Nxe6 Qxe6 19. Rab1 a3 20. b4 Qd7 21. Rb3 Ra4 22. Qc3 Rc8 23. Rc1 Na7 24. Qd3 Rxc1+ 25. Bxc1 Nb5 26. e3 Qc6 27. Bd2 e6 28. Bf1 Nd6 29. b5 Qc4 30. Qxc4 dxc4 31. Rb4 Ra5 32. Bxc4 Nxc4 33. Rxc4 Rxb5 34. Bb4 Bf8 35. Bxf8 Kxf8 36. Ra4 h5 37. Rxa3 hxg4 38. hxg4 Kg7 39. Kg2 g5 40. Kg3 Kf6 41. f4 gxf4+ 42. Kxf4 Rb1 43. Rb3 Ra1 44. a3 Rf1+ 45. Ke4 Rg1 46. Rxb7 Rxg4+ 47. Kf3 Rg1 48. a4 Ra1 49. Ra7 Ra3 50. a5 Ra4 51. a6 Ra3 52. Kf4 Ra4 53. Ra8 Ra1 54. a7 Ra4 55. e4 Ke7 56. Ke5 Ra6 57. d5 Ra5 58. Kf4 exd5 59. exd5 Ra4+ 60. Ke3 Ra3+ 61. Kd4 Ra4+ 62. Kc3 Ra3+ 63. Kb4 Ra1 64. d6+ Kxd6 65. Rd8+ Ke5 66. a8Q Rxa8 67. Rxa8 f5 68. Kc3 Ke4 69. Kd2 1-0

[Event "POL-chT 2nd League"]
[Site "Jastrzebia Gora"]
[Date "2023.09.06"]
[Round "5.32"]
[White "Karut, Kacper"]
[Black "Szewczyk, Mariusz1111"]
[Result "1/2-1/2"]
[WhiteElo "2065"]
[BlackElo "2134"]
[PlyCount "168"]
[EventDate "2023.09.02"]
[EventType "team-swiss"]
[EventRounds "9"]
[EventCountry "POL"]
[SourceTitle "EXT 2024"]
[Source "ChessBase"]
[SourceDate "2023.10.10"]
[SourceVersion "1"]
[SourceVersionDate "2023.10.10"]
[SourceQuality "1"]
[WhiteTeam "Grudziadz Rotmistrz"]
[BlackTeam "Bialoleka Sparta"]
[WhiteTeamCountry "POL"]
[BlackTeamCountry "POL"]

1. e4 e5 2. Nf3 Nc6 3. Nc3 Nf6 4. d4 exd4 5. Nd5 Be7 6. Bd3 0-0 7. 0-0 d6 8. h3 h6 9. a3 Ne5 10. Nxd4 Nxd5 11. exd5 Nxd3 12. Qxd3 Bf6 13. Bd2 Bd7 14. c4 Re8 15. Bc3 Qe7 16. Rfe1 Qf8 17. Nf3 Bxc3 18. Qxc3 b6 19. Rxe8 Rxe8 20. Re1 Re7 21. Re3 Qe8 22. Qe1 Rxe3 23. Qxe3 Qxe3 24. fxe3 b5 25. b3 bxc4 26. bxc4 Bf5 27. Nd2 Bd3 28. e4 f5 29. exf5 Bxf5 30. Kf2 Kf7 31. Ke3 Kf6 32. Nf3 Bd7 33. Ke4 c5 34. Nd2 Bf5+ 35. Ke3 Bc2 36. g3 Bf5 37. g4 Bc2 38. Kf4 g5+ 39. Ke3 Bd1 40. Nf1 Ke5 41. Nd2 Bc2 42. Nf3+ Kf6 43. Nd2 Bg6 44. Ne4+ Ke5 45. Nd2 h5 46. gxh5 Bxh5 47. Ne4 Be2 48. Nxd6 Bf1 49. Ne4 Bxc4 50. d6 Ke6 51. Nxc5+ Kxd6 52. Ne4+ Ke5 53. Nxg5 Kf5 54. Nf3 Bf1 55. Ng1 Kg5 56. Kf2 Bc4 57. Kg3 Kf5 58. Nf3 Bf7 59. Nd4+ Kg5 60. h4+ Kh5 61. Ne2 a5 62. Nf4+ Kh6 63. Kg4 a4 64. Kf5 Bb3 65. Ke5 Bc2 66. Kd4 Bb3 67. Kc3 Bd1 68. Kb4 Bc2 69. Kb5 Bd1 70. Ka5 Bc2 71. Kb4 Bd1 72. Nd5 Kh5 73. Nc3 Bc2 74. Nxa4 Kxh4 75. Nc5 Kg5 76. Kc3 Bd1 77. Kd2 Bf3 78. a4 Kf6 79. a5 Ke7 80. Ke3 Kd6 81. Kd4 Kc6 82. Ne4 Bxe4 83. a6 Kb6 84. Kxe4 Kxa6 1/2-1/2

[Event "Bydgoszcz op-A"]
[Site "Bydgoszcz"]
[Date "2023.06.27"]
[Round "4"]
[White "Karut, Kacper"]
[Black "Markowski, Damian"]
[Result "1/2-1/2"]
[WhiteElo "1954"]
[BlackElo "2160"]
[PlyCount "55"]
[EventDate "2023.06.24"]
[EventType "swiss"]
[EventRounds "9"]
[EventCountry "POL"]
[SourceTitle "CBM 215 Extra"]
[Source "ChessBase"]
[SourceDate "2023.09.30"]
[SourceVersion "1"]
[SourceVersionDate "2023.09.30"]
[SourceQuality "1"]

1. e4 d6 2. d4 Nf6 3. Nc3 g6 4. f3 Bg7 5. Be3 c6 6. Qd2 b5 7. a4 b4 8. Na2 a5 9. Bd3 Ba6 10. Ne2 0-0 11. c3 Bxd3 12. Qxd3 bxc3 13. bxc3 Nbd7 14. c4 Qc8 15. 0-0 Qa6 16. Qc2 Ne8 17. Rab1 Nc7 18. c5 Ne6 19. Rfd1 Rfc8 20. cxd6 exd6 21. Qd3 Nb6 22. Qxa6 Rxa6 23. d5 Nc5 24. dxc6 Rxc6 25. Bxc5 dxc5 26. Rd8+ Bf8 27. Nac3 Kg7 28. Nf4 1/2-1/2

[Event "Bydgoszcz op-A"]
[Site "Bydgoszcz"]
[Date "2023.06.25"]
[Round "2"]
[White "Karut, Kacper"]
[Black "Malek, Jan"]
[Result "0-1"]
[WhiteElo "1954"]
[BlackElo "2370"]
[PlyCount "162"]
[EventDate "2023.06.24"]
[EventType "swiss"]
[EventRounds "9"]
[EventCountry "POL"]
[SourceTitle "CBM 215 Extra"]
[Source "ChessBase"]
[SourceDate "2023.09.30"]
[SourceVersion "1"]
[SourceVersionDate "2023.09.30"]
[SourceQuality "1"]

1. e4 c5 2. Nf3 d6 3. d4 cxd4 4. Nxd4 Nf6 5. Nc3 Bd7 6. f3 a6 7. Be3 h5 8. Qd2 e6 9. 0-0-0 b5 10. Bd3 b4 11. Nce2 e5 12. Nf5 g6 13. Nh4 Nc6 14. Bg5 Be7 15. g3 Be6 16. Kb1 Rb8 17. b3 Qb6 18. f4 Rg8 19. h3 Rd8 20. fxe5 dxe5 21. Qe3 Qxe3 22. Bxe3 Ra8 23. Nf3 Nd7 24. Ng5 Bxg5 25. Bxg5 f6 26. Be3 Ke7 27. c3 Rgb8 28. c4 a5 29. Kb2 a4 30. h4 axb3 31. axb3 Ra3 32. Bf2 Rba8 33. Bb1 Na5 34. Rd3 f5 35. exf5 Bxf5 36. Re3 Bxb1 37. Rxb1 Nxb3 38. Rxb3 Ra2+ 39. Kc1 Rxe2 40. R3b2 Rxb2 41. Rxb2 Rb8 42. Kc2 Ke6 43. Be1 Kf5 44. Rxb4 Rxb4 45. Bxb4 Ke4 46. Kc3 Nb8 47. Bd6 Nc6 48. c5 Kd5 49. Kd2 Nd4 50. Kd3 Nf5 51. Bb8 e4+ 52. Kc3 Kxc5 53. Bf4 Kd5 54. Bb8 Ne3 55. Kd2 Nc4+ 56. Kc3 Nb6 57. Bf4 Na4+ 58. Kb4 Nc5 59. Kc3 Nd3 60. Bb8 Nf2 61. Kd2 Ng4 62. Kc3 Ne5 63. Kd2 Nc6 64. Bc7 Kd4 65. Bb6+ Ke5 66. Bc7+ Kf5 67. Ke3 Nb4 68. Bd6 Nd5+ 69. Kd4 Nf6 70. Bf4 Ng4 71. Bg5 Nf2 72. Ke3 Nh1 73. Bf4 Kg4 74. Kxe4 Nxg3+ 75. Ke5 Kxh4 76. Kf6 Kg4 77. Be3 g5 78. Kg6 h4 79. Bxg5 h3 80. Be3 h2 81. Bg1 hxg1Q 0-1

[Event "Krakow op-B"]
[Site "Krakow"]
[Date "2022.06.27"]
[Round "4"]
[White "Hnatyshyn, Anastasiya"]
[Black "Karut, Kacper"]
[Result "1-0"]
[WhiteElo "1890"]
[BlackElo "1835"]
[PlyCount "144"]
[EventDate "2022.06.25"]
[EventType "swiss"]
[EventRounds "9"]
[EventCountry "POL"]
[SourceTitle "EXT 2023"]
[Source "ChessBase"]
[SourceDate "2022.10.05"]
[SourceVersion "1"]
[SourceVersionDate "2022.10.05"]
[SourceQuality "1"]

1. d4 Nf6 2. c4 g6 3. Nf3 Bg7 4. g3 0-0 5. Bg2 d6 6. 0-0 c5 7. Nc3 Nc6 8. e3 Rb8 9. b3 Bg4 10. h3 Bd7 11. Bb2 a6 12. dxc5 dxc5 13. Na4 b6 14. Ne5 Qc7 15. Nxd7 Nxd7 16. Nc3 Nf6 17. Qe2 e6 18. Rfd1 Rfd8 19. Rac1 Ne7 20. a3 Rxd1+ 21. Rxd1 Rd8 22. Rd2 Rxd2 23. Qxd2 Qd7 24. Qe2 Ne8 25. Kh2 f5 26. Na4 Bxb2 27. Qxb2 Qd6 28. b4 cxb4 29. axb4 b5 30. c5 Qc7 31. Nc3 Nc6 32. Qb3 Qd7 33. Ne2 Nc7 34. Nf4 Kf7 35. Nd3 Nd5 36. e4 fxe4 37. Bxe4 a5 38. bxa5 Nxa5 39. Ne5+ Ke8 40. Qf3 Qg7 41. Ng4 h5 42. Ne3 Qf7 43. Qxf7+ Kxf7 44. Nxd5 exd5 45. Bxd5+ Kf6 46. c6 Ke7 47. h4 Nc4 48. Be4 Ne5 49. f4 Ng4+ 50. Kg1 b4 51. Bxg6 Nf6 52. Kf2 b3 53. Ke3 Kd6 54. Kd4 b2 55. Kc3 Kxc6 56. Kxb2 Kd5 57. Kc3 Kc5 58. Kd3 Kd5 59. Bf7+ Kc5 60. Ke3 Kd6 61. Kd4 Ke7 62. Bg6 Kd6 63. Bd3 Ke6 64. Bg6 Kd6 65. f5 Kd7 66. Ke5 Ke7 67. Kf4 Kf8 68. Ke5 Ke7 69. Bxh5 Nxh5 70. g4 Ng3 71. h5 Kf7 72. h6 Ne2 1-0

[Event "Zagnansk op"]
[Site "Zagnansk"]
[Date "2022.05.03"]
[Round "5"]
[White "Karut, Kacper"]
[Black "Kaczmarek, Arkadiusz"]
[Result "1/2-1/2"]
[WhiteElo "1775"]
[BlackElo "2128"]
[PlyCount "106"]
[EventDate "2022.04.29"]
[EventType "swiss"]
[EventRounds "9"]
[EventCountry "POL"]
[SourceTitle "CBM 208 Extra"]
[Source "ChessBase"]
[SourceDate "2022.07.31"]
[SourceVersion "1"]
[SourceVersionDate "2022.07.31"]
[SourceQuality "1"]

1. e4 c5 2. Nf3 e6 3. d4 cxd4 4. Nxd4 Nc6 5. Nc3 a6 6. Nxc6 bxc6 7. Bd3 d5 8. exd5 cxd5 9. 0-0 Nf6 10. Bf4 Be7 11. Qd2 0-0 12. a3 Bb7 13. Rfe1 Rc8 14. Qe2 Qb6 15. Rab1 Nd7 16. Qh5 g6 17. Qh3 Bf6 18. Ne2 Nc5 19. Bh6 Rfe8 20. Qe3 d4 21. Qd2 e5 22. f3 Bg7 23. Bxg7 Kxg7 24. Ng3 f5 25. Qg5 Kh8 26. Qh6 Qc7 27. Bxf5 gxf5 28. Qf6+ Qg7 29. Qxg7+ Kxg7 30. Nxf5+ Kf6 31. Nd6 Red8 32. Nxc8 Rxc8 33. Re2 Ne6 34. Rbe1 Nf4 35. Rd2 Rg8 36. Kf1 Nd5 37. Kf2 Ne3 38. g3 Nc4 39. Rd3 Rd8 40. Rb3 Bd5 41. Re2 Rf8 42. g4 Ne3 43. Rexe3 dxe3+ 44. Rxe3 Ke6 45. Kg3 Kd6 46. b3 Bb7 47. c4 Bc6 48. b4 Rf7 49. h4 Rf4 50. Rd3+ Ke6 51. Rc3 Rd4 52. a4 h6 53. b5 axb5 1/2-1/2

[Event "POL-ch U16"]
[Site "Sypniewo"]
[Date "2022.03.19"]
[Round "1"]
[White "Backiel, Hubert"]
[Black "Karut, Kacper"]
[Result "1-0"]
[WhiteElo "2075"]
[BlackElo "1763"]
[PlyCount "67"]
[EventDate "2022.03.19"]
[EventType "swiss"]
[EventRounds "9"]
[EventCountry "POL"]
[SourceTitle "CBM 207 Extra"]
[Source "ChessBase"]
[SourceDate "2022.05.31"]
[SourceVersion "1"]
[SourceVersionDate "2022.05.31"]
[SourceQuality "1"]

1. e4 c5 2. Nf3 d6 3. d4 cxd4 4. Nxd4 Nf6 5. Nc3 Nc6 6. f3 Nxd4 7. Qxd4 g6 8. Be3 Bg7 9. Bc4 0-0 10. Qd2 Bd7 11. 0-0 Qc7 12. Bb3 Bc6 13. Rad1 Rfd8 14. Kh1 Nd7 15. Nd5 Bxd5 16. Qxd5 Ne5 17. f4 e6 18. Qb5 Ng4 19. Bc1 Qc5 20. Qe2 Qh5 21. h3 Nf6 22. Qxh5 Nxh5 23. Rf3 Nf6 24. f5 Nxe4 25. fxe6 fxe6 26. Bxe6+ Kh8 27. Bd5 Nf6 28. Bxb7 Rab8 29. Rb3 Nh5 30. g4 Ng3+ 31. Kg2 Ne2 32. Be3 Re8 33. Kf2 d5 34. Rxd5 1-0

[Event "POL-ch U20"]
[Site "Pokrzywna"]
[Date "2021.12.11"]
[Round "7"]
[White "Karut, Kacper"]
[Black "Radzimski, Antoni"]
[Result "1/2-1/2"]
[WhiteElo "1826"]
[BlackElo "1613"]
[PlyCount "92"]
[EventDate "2021.12.06"]
[EventType "swiss"]
[EventRounds "9"]
[EventCountry "POL"]
[SourceTitle "CBM 205 Extra"]
[Source "ChessBase"]
[SourceDate "2022.01.31"]
[SourceVersion "1"]
[SourceVersionDate "2022.01.31"]
[SourceQuality "1"]

1. e4 e5 2. Nf3 Nc6 3. Bb5 a6 4. Ba4 Nf6 5. 0-0 b5 6. Bb3 Bc5 7. a4 Rb8 8. c3 d6 9. d4 Bb6 10. Qd3 0-0 11. Bg5 h6 12. Bxf6 Qxf6 13. axb5 axb5 14. Qxb5 Bd7 15. Bd5 Ba5 16. Qa4 Rb6 17. Bxc6 Bxc6 18. Qxa5 Ra8 19. Qxa8+ Bxa8 20. Rxa8+ Kh7 21. Nbd2 exd4 22. cxd4 Rxb2 23. Rfa1 c5 24. dxc5 dxc5 25. Rc1 Qc6 26. Ra3 Qd7 27. Rac3 Rxd2 28. Nxd2 Qxd2 29. Rxc5 f6 30. h3 Qe2 31. R5c4 Kg6 32. R1c2 Qe1+ 33. Kh2 h5 34. Kg3 Kh6 35. Kf4 Qh1 36. Kg3 Qe1 37. Kf4 Qh1 38. f3 Qe1 39. Kf5 Qa1 40. Ke6 Qe5+ 41. Kf7 Qd6 42. Rc7 h4 43. Re7 Qb8 44. Rd2 Kh7 45. Re8 Qc7+ 46. Re7 Qc8 1/2-1/2

[Event "POL-ch U20"]
[Site "Pokrzywna"]
[Date "2021.12.10"]
[Round "6"]
[White "Bojczewski, Mateusz"]
[Black "Karut, Kacper"]
[Result "1/2-1/2"]
[WhiteElo "1868"]
[BlackElo "1826"]
[PlyCount "82"]
[EventDate "2021.12.06"]
[EventType "swiss"]
[EventRounds "9"]
[EventCountry "POL"]
[SourceTitle "CBM 205 Extra"]
[Source "ChessBase"]
[SourceDate "2022.01.31"]
[SourceVersion "1"]
[SourceVersionDate "2022.01.31"]
[SourceQuality "1"]

1. c4 e5 2. g3 Nf6 3. Bg2 d5 4. cxd5 Nxd5 5. Nc3 Nb6 6. Nf3 Nc6 7. d3 Be7 8. 0-0 0-0 9. b3 f5 10. e3 Bf6 11. Bb2 Be6 12. Qe2 Qe7 13. Rfd1 Rad8 14. Ne1 Qf7 15. Nc2 Nd5 16. Nxd5 Bxd5 17. e4 fxe4 18. dxe4 Be6 19. Rxd8 Bxd8 20. Rf1 Bf6 21. Qb5 Bc8 22. Qd5 Be6 23. Qb5 Bc8 24. Ne3 a6 25. Qc5 Be6 26. Nd5 Rd8 27. f4 Be7 28. Nxe7+ Qxe7 29. Qxe7 Nxe7 30. Bxe5 Rd2 31. f5 Bd7 32. a4 Nc6 33. Bxc7 Nd4 34. Rb1 Bc6 35. Bh1 Ne2+ 36. Kf1 Nc3 37. Rc1 Rxh2 38. Kg1 Ne2+ 39. Kxh2 Nxc1 40. b4 Nd3 41. Bd6 Nf2 1/2-1/2

[Event "POL-ch U20"]
[Site "Pokrzywna"]
[Date "2021.12.07"]
[Round "3"]
[White "Karut, Kacper"]
[Black "Trybus, Daniel"]
[Result "0-1"]
[WhiteElo "1826"]
[BlackElo "2067"]
[PlyCount "96"]
[EventDate "2021.12.06"]
[EventType "swiss"]
[EventRounds "9"]
[EventCountry "POL"]
[SourceTitle "CBM 205 Extra"]
[Source "ChessBase"]
[SourceDate "2022.01.31"]
[SourceVersion "1"]
[SourceVersionDate "2022.01.31"]
[SourceQuality "1"]

1. e4 c5 2. Nf3 d6 3. d4 cxd4 4. Nxd4 Nf6 5. Nc3 a6 6. Be3 e6 7. a4 Be7 8. Be2 Qc7 9. 0-0 Nc6 10. f4 Bd7 11. Nb3 0-0 12. Kh1 b6 13. Bf3 Bc8 14. g4 Bb7 15. g5 Nd7 16. Bg2 Nb4 17. Rc1 Rad8 18. Qh5 g6 19. Qh6 Rfe8 20. Rf3 Bf8 21. Qh4 Be7 22. Qh6 Bf8 23. Qh4 Bg7 24. Rh3 Nf8 25. f5 exf5 26. exf5 Bxg2+ 27. Kxg2 Bxc3 28. bxc3 Nd5 29. Bd4 Re2+ 30. Kf1 Qc4 31. Qh6 Re5+ 32. Kg1 Nf4 33. Bxe5 Nxh3+ 34. Qxh3 dxe5 35. Re1 Qf4 36. Qg3 Qxf5 37. Qxe5 Qxc2 38. Nd4 Qxc3 39. Re4 Qa1+ 40. Kf2 Qxa4 41. Qf6 Qa2+ 42. Kg3 Qa3+ 43. Kg4 Qd6 44. Nc6 h5+ 45. Kf3 Qxf6+ 46. gxf6 Rd6 47. Ne7+ Kh7 48. Rf4 Nd7 0-1